<?xml version="1.0" encoding="UTF-8"?>
<record
    xmlns:xsi="http://www.w3.org/2001/XMLSchema-instance"
    xsi:schemaLocation="http://www.loc.gov/MARC21/slim http://www.loc.gov/standards/marcxml/schema/MARC21slim.xsd"
    xmlns="http://www.loc.gov/MARC21/slim">

  <leader>00697nam a22002177a 4500</leader>
  <controlfield tag="003">BI-BuBU</controlfield>
  <controlfield tag="008">120311s    1987fr ||||fr|||| 000 0 fre d</controlfield>
  <datafield tag="020" ind1=" " ind2=" ">
    <subfield code="a">2218079410</subfield>
  </datafield>
  <datafield tag="020" ind1=" " ind2=" ">
    <subfield code="a">9782218079412</subfield>
  </datafield>
  <datafield tag="037" ind1=" " ind2=" ">
    <subfield code="b">Don Ambassade de France</subfield>
  </datafield>
  <datafield tag="039" ind1=" " ind2=" ">
    <subfield code="a">20120311105046.0</subfield>
    <subfield code="b">Aline NIYUBAHWE</subfield>
    <subfield code="c">20170704104531.0</subfield>
    <subfield code="d">B&#xE9;atrice Barankeba</subfield>
  </datafield>
  <datafield tag="040" ind1=" " ind2=" ">
    <subfield code="a">BI-BuBU</subfield>
    <subfield code="b">fre</subfield>
    <subfield code="c">BI-BuBU</subfield>
    <subfield code="d">BI-BuBU</subfield>
  </datafield>
  <datafield tag="041" ind1="0" ind2=" ">
    <subfield code="a">fre</subfield>
  </datafield>
  <datafield tag="080" ind1=" " ind2=" ">
    <subfield code="a">82-82</subfield>
  </datafield>
  <datafield tag="100" ind1="1" ind2=" ">
    <subfield code="4">aut.</subfield>
    <subfield code="a">Mateso, E. Locha</subfield>
  </datafield>
  <datafield tag="245" ind1="1" ind2="0">
    <subfield code="a">Anthologie de la po&#xE9;sie d'Afrique noire d'expression fran&#xE7;aise</subfield>
    <subfield code="c">E. Locha Mateso</subfield>
  </datafield>
  <datafield tag="260" ind1=" " ind2=" ">
    <subfield code="a">Paris</subfield>
    <subfield code="b">Hatier </subfield>
    <subfield code="c">1987</subfield>
  </datafield>
  <datafield tag="650" ind1=" " ind2="7">
    <subfield code="2">BI-BuBU</subfield>
    <subfield code="a">Po&#xE9;sie</subfield>
    <subfield code="9">53448</subfield>
    <subfield code="x">Anthologie</subfield>
    <subfield code="z">Afrique Noire</subfield>
  </datafield>
  <datafield tag="942" ind1=" " ind2=" ">
    <subfield code="2">udc</subfield>
    <subfield code="c">BK</subfield>
  </datafield>
  <datafield tag="999" ind1=" " ind2=" ">
    <subfield code="c">15393</subfield>
    <subfield code="d">15393</subfield>
  </datafield>
  <datafield tag="952" ind1=" " ind2=" ">
    <subfield code="0">0</subfield>
    <subfield code="1">0</subfield>
    <subfield code="2">udc</subfield>
    <subfield code="4">0</subfield>
    <subfield code="7">0</subfield>
    <subfield code="9">22417</subfield>
    <subfield code="a">BC</subfield>
    <subfield code="b">BC</subfield>
    <subfield code="d">2012-03-11</subfield>
    <subfield code="e">Don de l'Ambassade de France</subfield>
    <subfield code="l">0</subfield>
    <subfield code="o">82-82 MAT.</subfield>
    <subfield code="p">5010000344993</subfield>
    <subfield code="r">2012-03-11</subfield>
    <subfield code="t">1</subfield>
    <subfield code="w">2012-03-11</subfield>
    <subfield code="y">BK</subfield>
    <subfield code="a">BC</subfield>
  </datafield>
  <datafield tag="952" ind1=" " ind2=" ">
    <subfield code="0">0</subfield>
    <subfield code="1">0</subfield>
    <subfield code="2">udc</subfield>
    <subfield code="4">0</subfield>
    <subfield code="7">0</subfield>
    <subfield code="9">22418</subfield>
    <subfield code="a">BC</subfield>
    <subfield code="b">BC</subfield>
    <subfield code="d">2012-03-11</subfield>
    <subfield code="e">Don Ambassade de France</subfield>
    <subfield code="l">0</subfield>
    <subfield code="o">82-82 MAT.</subfield>
    <subfield code="p">5010000345006</subfield>
    <subfield code="r">2012-03-11</subfield>
    <subfield code="t">3</subfield>
    <subfield code="w">2012-03-11</subfield>
    <subfield code="y">BK</subfield>
    <subfield code="a">BC</subfield>
  </datafield>
  <datafield tag="952" ind1=" " ind2=" ">
    <subfield code="0">0</subfield>
    <subfield code="1">0</subfield>
    <subfield code="2">udc</subfield>
    <subfield code="4">0</subfield>
    <subfield code="7">0</subfield>
    <subfield code="9">22419</subfield>
    <subfield code="a">BC</subfield>
    <subfield code="b">BC</subfield>
    <subfield code="d">2012-03-11</subfield>
    <subfield code="e">Don Ambassade de France</subfield>
    <subfield code="l">0</subfield>
    <subfield code="o">82-82 MAT.</subfield>
    <subfield code="p">5010000345013</subfield>
    <subfield code="r">2012-03-11</subfield>
    <subfield code="t">4</subfield>
    <subfield code="w">2012-03-11</subfield>
    <subfield code="y">BK</subfield>
    <subfield code="a">BC</subfield>
  </datafield>
  <datafield tag="952" ind1=" " ind2=" ">
    <subfield code="0">0</subfield>
    <subfield code="1">0</subfield>
    <subfield code="2">udc</subfield>
    <subfield code="4">0</subfield>
    <subfield code="7">0</subfield>
    <subfield code="9">22541</subfield>
    <subfield code="a">BC</subfield>
    <subfield code="b">BC</subfield>
    <subfield code="d">2012-03-13</subfield>
    <subfield code="e">Don de l'Ambassade de France</subfield>
    <subfield code="l">0</subfield>
    <subfield code="o">82-82 MAT.</subfield>
    <subfield code="p">5010000346591</subfield>
    <subfield code="r">2012-03-13</subfield>
    <subfield code="t">5</subfield>
    <subfield code="w">2012-03-13</subfield>
    <subfield code="y">BK</subfield>
    <subfield code="a">BC</subfield>
  </datafield>
</record>
